00410nam a2200157Ia 4500003000400000008004100004040001600045082001300061100001900074245003500093260005200128300001000180490002500190650001500215650002200230GCL140319s9999 xx 000 0 eng d aGCL / cGCL04a843bP F1 aPROUST, MARCEL10aLA FUGITIVE / cPROUST, MARCEL a[S.N] : bLIBRAIRE GENERALE FRANCAISE ، c1993 a348 P aLE LIVRE DE POCHEv004aLITERATURE04aFRENCH LITERATURE